000 00563nam a2200229 a 4500
999 _c5345
_d5345
001 5345
003 BD-JhCC
005 20171213105904.0
008 171213s ru a|||| || | 000 0 eng d
035 _a(BD-JhCC)5345
040 _aBD-JhCC
_dBD-JhCC
041 _aeng
082 _a625.11
_bBEZ
100 _aBezruchko, V.
245 _aElements of Railway Surveying /
_cV. Bezruchko,
260 _aMoscow :
_bPeace Publishers,
300 _a206 p. :
_bill. ;
_c20 cm.
650 _aRail reads
650 _aSurveying
942 _2ddc
_cBK